Kraj który ma najwięcej... Koronawirus - Statystyki

Ogólne statystyki
  • Ten quiz został rozwiązany 68 razy
  • Średni wynik to 6 z 9
Statystyki odpowiedzi
Kategoria Kraj który ma najwięcej... % Poprawnych
Zarażeni USA
100%
Martwi USA
98%
Aktualni zarażeni (nie liczącz tych co wyleczono) USA
97%
Stan krytyczny USA
97%
Wyleczeni USA
94%
Liczba Testów USA
88%
Martwi/1mln populacji San Marino
12%
Zarażeni/1 mln populacji San Marino
11%
Testy/1 mln populacji Islandia
8%
Nie znaleziono quizów pasujących do podanych kryteriów
Rozkład punktacji
Procent ludzi z każdym wynikiem
Percentyl według liczby udzielonych odpowiedzi
Twoja historia wyników
Nie rozwiązałeś tego quizu